Library Banner

Hinduism / (Record no. 73115)

MARC details
000 -LEADER
fixed length control field 00434nam a2200181Ia 4500
001 - CONTROL NUMBER
control field 67645
005 - DATE AND TIME OF LATEST TRANSACTION
control field 20240521101717.0
008 - FIXED-LENGTH DATA ELEMENTS--GENERAL INFORMATION
fixed length control field 150618s9999 xx 000 0 und d
020 ## - INTERNATIONAL STANDARD BOOK NUMBER
International Standard Book Number NA
040 ## - CATALOGING SOURCE
Transcribing agency PK-LaUMT
082 ## - DEWEY DECIMAL CLASSIFICATION NUMBER
Classification number 294.5
Item number SEN-H
100 ## - MAIN ENTRY--PERSONAL NAME
Personal name Sen, K. M.
245 ## - TITLE STATEMENT
Title Hinduism /
Statement of responsibility, etc by K. M. Sen
260 ## - PUBLICATION, DISTRIBUTION, ETC. (IMPRINT)
Place of publication, distribution, etc Victoria,Australia :
Name of publisher, distributor, etc Penguin Books,
Date of publication, distribution, etc 1961
-- reprinted 1991
300 ## - PHYSICAL DESCRIPTION
Extent 160 p.
546 ## - LANGUAGE NOTE
Language note EN
942 ## - ADDED ENTRY ELEMENTS (KOHA)
Koha item type Books
Holdings
Withdrawn status Lost status Damaged status Home library Current library Date acquired Full call number Barcode Date last seen Price effective from Koha item type
      UMT Main Campus UMT Main Campus 2015-06-18 294.5 SEN-H 84971 2024-12-18 2015-06-18 Books